000 00484nmm a2200157Ia 4500
008 251105s9999||||xx |||||||||||||||||und||
020 _a9788417007386
041 _aspa
100 _aMairal, Pedro
245 0 _aUna noche con Sabrina Love
264 _a[Madrid, España] :
_bLibros del asteroide,
_c[Fecha de publicación no identificada]
300 _a156 páginas
650 _aLatin American narrative
856 _uhttps://public.digitaliapublishing.com/a/97073
942 _cCF
999 _c78281
_d78281